000
00332nam a22001457a 4500
999
_c
15685
_d
15685
003
OSt
008
190528b ||||| |||| 00| 0 eng d
020
_a
9788176220019
082
_a
635
_b
TAF/GR
100
_a
Taft, L R
_9
4177
245
_a
Green House Management
260
_a
Delhi
_b
Biotech
_c
2016
300
_a
382 p.
942
_c
BK